000 00398nam a2200157Ia 4500
008 230917s9999||||xx |||||||||||||| ||und||
040 _e197719
_aMAIN
041 _aEnglish
082 _a572.8636 W436P(2)
100 _aWeissensteiner, Thomas
245 0 _aPCR Technology: Current innovations
250 _a2nd ed.
260 _aBoca Raton
_bCRC Press
_c2003
300 _a392 p.
942 _cBK
999 _c159248
_d159248